000 01060nam a2200265Ia 4500
003 OSt
005 20220923211441.0
006 a|||||r|||| 00| 0
007 ta
008 220922b |||||||| |||| 00| 0 hin d
020 _a9789350008454 (hbk)
_c450
024 _a279,946
037 _b272, 03/03/2014, Vani Prakashan
_cTextual
040 _aARTS
_cARTS
_bhin
041 _2hin
_ahin
082 _aO157,3N62w,1, 152P4
100 _aनसरीन, तसलीमा; गुप्ता, सुशील, अनु.
_9158275
245 0 _aतसलीमा नसरीन की आत्मकथा
246 _aTasalīmā nasarīn kī ātmakathā
260 _aनयी दिल्ली
_b वाणी प्रकाशन
_c2012
490 _vभाग 6
650 _aबंगाली साहित्य
_9156264
942 _hO157,3N62w,1, 152P4
_cTEXL
_2CC
999 _c299658
_d299658